[Event "FRA-ch U12"]
[Site "Agen"]
[Date "2021.10.29"]
[Round "7"]
[White "Zienkiewicz, Jan"]
[Black "Richard, Nathan"]
[Result "1-0"]
[WhiteElo "2050"]
[BlackElo "1676"]
[PlyCount "78"]
[EventDate "2021.10.22"]
[EventType "swiss"]
[EventRounds "9"]
[EventCountry "FRA"]
[SourceTitle "EXT 2023"]
[Source "ChessBase"]
[SourceDate "2022.10.05"]
[SourceVersion "1"]
[SourceVersionDate "2022.10.05"]
[SourceQuality "1"]

1. e4 c5 2. Nf3 g6 3. d4 cxd4 4. Qxd4 Nf6 5. e5 Nc6 6. Qa4 Nd5 7. Qe4 Nc7 8. Nc3 Bg7 9. Bf4 0-0 10. h4 d5 11. Qd3 Bf5 12. Qd2 d4 13. Ne2 Ne6 14. Bh2 Qb6 15. c3 Rfd8 16. Ng3 dxc3 17. Qxc3 Nb4 18. Nxf5 gxf5 19. Bc4 Rac8 20. 0-0 Qc5 21. Rac1 Qb6 22. Qb3 Bh6 23. Rcd1 Na6 24. Bxe6 fxe6 25. Qa3 Kf7 26. Ng5+ Bxg5 27. hxg5 Nb4 28. Qh3 Kg8 29. Qh6 Rxd1 30. Rxd1 Nd3 31. Bg3 Rd8 32. g6 hxg6 33. Qxg6+ Kh8 34. Qf7 Nc5 35. Rc1 Qc7 36. Rc4 Rd1+ 37. Kh2 Rd4 38. Rxd4 Ne4 39. Rc4 Nc5 1-0